Pestcides: (Record no. 1158)

MARC details
000 -LEADER
fixed length control field 00909nam a22002657a 4500
005 - DATE AND TIME OF LATEST TRANSACTION
control field 20240508151721.0
008 - FIXED-LENGTH DATA ELEMENTS--GENERAL INFORMATION
fixed length control field 240506b |||||||| |||| 00| 0 eng d
020 ## - INTERNATIONAL STANDARD BOOK NUMBER
Qualifying information 9077073418
040 ## - CATALOGING SOURCE
Original cataloging agency KMU
Transcribing agency KMU
Modifying agency KMU
Description conventions rda
050 ## - LIBRARY OF CONGRESS CALL NUMBER
Classification number SB 951.4
100 ## - MAIN ENTRY--PERSONAL NAME
Personal name Boland Jeroen
Numeration Agrodok-series No.29
Titles and words associated with a name Pesticides: Compounds,use and Hazards:
245 ## - TITLE STATEMENT
Title Pestcides:
Remainder of title Compounds,use and Hazards/
Statement of responsibility, etc. Jeroem Boland,Iren Koomen,Joep Van Lidth de Jeude and Jan Oudejans
260 ## - PUBLICATION, DISTRIBUTION, ETC.
Place of publication, distribution, etc. Wageningen:
Name of publisher, distributor, etc. Agromisa Foundation,
Date of publication, distribution, etc. 2004.
300 ## - PHYSICAL DESCRIPTION
Extent 108 P.:
Other physical details ill.;
Dimensions 20cm
490 ## - SERIES STATEMENT
Series statement Agrodock-series No.29
521 ## - TARGET AUDIENCE NOTE
Target audience note Include appendices,glossary, further readings,index and useful addresses
650 ## - SUBJECT ADDED ENTRY--TOPICAL TERM
Topical term or geographic name entry element Agriculture
650 ## - SUBJECT ADDED ENTRY--TOPICAL TERM
Topical term or geographic name entry element Pesticides
650 ## - SUBJECT ADDED ENTRY--TOPICAL TERM
Topical term or geographic name entry element Hazards
650 ## - SUBJECT ADDED ENTRY--TOPICAL TERM
Topical term or geographic name entry element Compound Use
700 ## - ADDED ENTRY--PERSONAL NAME
Personal name Koomen, Irene
700 ## - ADDED ENTRY--PERSONAL NAME
Personal name Je juude,Lidth Van Joep
700 ## - ADDED ENTRY--PERSONAL NAME
Personal name Oudejans, Van
942 ## - ADDED ENTRY ELEMENTS (KOHA)
Source of classification or shelving scheme Library of Congress Classification
Koha item type Non-Fiction
Edition Second edition
Suppress in OPAC No
Holdings
Withdrawn status Lost status Source of classification or shelving scheme Damaged status Not for loan Collection Home library Current library Shelving location Date acquired Source of acquisition Total Checkouts Full call number Barcode Date last seen Date last checked out Price effective from Koha item type
    Library of Congress Classification     Non-fiction Kapasa Makasa University Kapasa Makasa University Open Access 06.05.2024 Donation 1 SB 951.4 Pes 743844 21.05.2024 06.05.2024 06.05.2024 Non-Fiction
    Library of Congress Classification     Non-fiction Kapasa Makasa University Kapasa Makasa University Open Access 06.05.2024 Donation   SB 951.4 Pes 743845 08.05.2024   06.05.2024 Non-Fiction
    Library of Congress Classification     Non-fiction Kapasa Makasa University Kapasa Makasa University Open Access 06.05.2024 Donation   SB 951.4 Pes 743843 06.05.2024   06.05.2024 Non-Fiction
    Library of Congress Classification     Non-fiction Kapasa Makasa University Kapasa Makasa University Open Access 17.12.2024     SB 951.4 Pes 300977 17.12.2024   17.12.2024 Non-Fiction
    Library of Congress Classification     Non-fiction Kapasa Makasa University Kapasa Makasa University Open Access 17.12.2024     SB 951.4 Pes 300978 17.12.2024   17.12.2024 Non-Fiction
    Library of Congress Classification     Non-fiction Kapasa Makasa University Kapasa Makasa University Open Access 17.12.2024     SB 951.4 Pes 300979 17.12.2024   17.12.2024 Non-Fiction
    Library of Congress Classification     Non-fiction Kapasa Makasa University Kapasa Makasa University Open Access 17.12.2024     SB 951.4 Pes 300980 17.12.2024   17.12.2024 Non-Fiction